000 00623nam a2200193Ia 4500
003 GCL
008 140319s9999 xx 000 0 ara d
040 _aGCL /
_cGCL
082 0 4 _a810.9
_bا ت
100 1 _aابن عبدربه، احمد بن محمد
245 1 0 _aتاديب الناشئين ادب الدنيا والدين /
_cابن عبدربه، احمد بن محمد
700 1 _aمحمد ابراهيم ابوسليم
260 _a[S.N] :
_bمكتبة القران ،
_c1986
300 _a270 ص
490 _a
650 0 4 _aالادب العربى
650 0 4 _aتاريخ ونقد
942 _2ddc
_cBK
999 _c35410
_d35410